000 00770nam a2200265Ia 4500
005 20260121170840.0
008 008 260114s9999 xx 000 0 eng d
020 _a9783030028527
037 _aEBOOK
040 _aCRL
040 _beng
040 _cCRL
041 _2eng
041 _aeng
084 _qCRL
100 _aEl Hassan Abdelwahed, Ladjel Bellatreche, Djamal Benslimane, Matteo Golfarelli, Stéphane Jean, Dominique Mery, Kazumi Nakamatsu, Carlos Ordonez
_91068914
245 0 _aNew Trends in Model and Data Engineering
260 _bSpringer
260 _bSpringer
260 _c2018
856 _uhttps://link.springer.com/openurl?genre=book&isbn=978-3-030-02852-7
942 _cEBOOK
999 _c1634644
_d1634644